आचार्य रामचन्द्र शुक्ल और उनके समकालीन आलोचक (Record no. 7293)

MARC details
000 -LEADER
fixed length control field 01247 a2200217 4500
005 - DATE AND TIME OF LATEST TRANSACTION
control field 20080916124437.0
008 - FIXED-LENGTH DATA ELEMENTS--GENERAL INFORMATION
fixed length control field 080916t xxu||||| |||| 00| 0 hin d
010 ## - LCCN (DPL NO)
LC control number HIN-80913
020 ## - INTERNATIONAL STANDARD BOOK NUMBER
Terms of availability 60.00
International Standard Book Number 8171245293
035 ## - SYSTEM CONTROL NUMBER
System control number HN-53259
037 ## - SOURCE OF ACQUISITION
Source of stock number/acquisition D.B.Act / pub
082 ## - DEWEY DECIMAL CLASSIFICATION NUMBER
Classification number 820.92
100 ## - MAIN ENTRY--PERSONAL NAME
Personal name तिवारी, रामचन्द्र
245 ## - TITLE STATEMENT
Title आचार्य रामचन्द्र शुक्ल और उनके समकालीन आलोचक
Statement of responsibility, etc रामचन्द्र तिवारी
246 ## - VARYING FORM OF TITLE
Title proper/short title Acharya Ramchandra Shukla aur unke samkalin Alochak
Remainder of title by Ramchandra Tiwari
260 ## - PUBLICATION, DISTRIBUTION, ETC. (IMPRINT)
Place of publication, distribution, etc वाराणसी
Name of publisher, distributor, etc विश्वविद्यालय प्रकाशन
Date of publication, distribution, etc 2007
270 ## - ADDRESS
City वाराणसी
Address पो.बा.1149, विशालाक्षी भवन, चौक
Telephone number 221001
Fax number (0542) 2413741, 2413082
300 ## - PHYSICAL DESCRIPTION
Extent 84पृ
Dimensions 22 सेमी (अजिल्द)
Other physical details (सचित्र)
942 ## - ADDED ENTRY ELEMENTS (KOHA)
Institution code [OBSOLETE] dpl
Item type Hindi Books
Call number prefix 820.92 / तिवारी
Source of classification or shelving scheme Dewey Decimal Classification
Classification part 820.92
Call number suffix तिवारी
Holdings
Withdrawn status Lost status Source of classification or shelving scheme Damaged status Not for loan Home library Current library Date acquired Cost, normal purchase price Total Checkouts Full call number Barcode Date last seen Copy number Cost, replacement price Koha item type
    Dewey Decimal Classification     D.B.Act.Division D.B.Act.Division 16/09/2008 60.00   820.92 तिवारी HN-53259 15/09/2008 1 60.00 Hindi Books

© Delhi Public Library
Hit Counter
free hit counter